| 000 | 00000nam##2200000za#4500 |
| 001 | 9.580246 |
| 003 | CaOODSP |
| 005 | 20210624190940 |
| 007 | cr ||||||||||| |
| 008 | 150406|1995||||xxc|||||o f|0| 0 eng|d |
| 040 | |aCaOODSP|beng |
| 043 | |an-cn--- |
| 086 | 1 |aH113-4/94-02E-IN |
| 110 | 1 |aCanada. |bPest Management Regulatory Agency. |
| 245 | 10|aTemporary registration of fluvalinate-tau for honey bee mite detection and/or control |h[electronic resource] |
| 260 | |aOttawa - Ontario : |bHealth Canada. |
| 300 | |a12p.|breferences |
| 490 | 1 |aDecision document |vE94-02; March 30, 1994 |
| 590 | |a14-14-Supp|b2014-07-24 |
| 690 | 07|aPesticides|2gcpds |
| 775 | 08|tHomologation temporaire du fluvalinate-tau pour la détection/élimination des acariens de l'abeille |w(CaOODSP)9.590920 |
| 830 | #0|aDecision document ;|vE94-02; March 30, 1994|w(CaOODSP)9.504459 |
| 856 | 40|ahttp://publications.gc.ca|qPDF|s41 KB|uhttps://publications.gc.ca/collections/collection_2014/sc-hc/H113-4-94-02-eng.pdf|yE94-02; March 30, 1994 |